Logo BPK

Biblioteka

Politechniki Koszalińskiej

Problemy współczesnego edytorstwa w szkole wyższej : (Rekord nr 51255)

Szczegóły MARC
000 -ETYKIETA REKORDU
podpole kontrolne o stałej długości 00928nam a2200241 i 4500
001 - NUMER KONTROLNY REKORDU
pole kontrolne bg
020 ## - MIĘDZYNARODOWY ZNORMALIZOWANY NUMER KSIĄŻKI - ISBN
ISBN 8388587277
040 ## - ŹRÓDŁO KATALOGOWANIA
Instytucja, która utworzyła rekord BPK
041 0# - KOD JĘZYKA
Kod języka tekstu pol
080 ## - UNIWERSALNA KLASYFIKACJA DZIESIĘTNA - UKD
UKD 655.4/.5:808.2:027.7](061)
920 ## - Międzynarodowy znormalizowany numer książki – ISBN
ISBN 83-88587-27-7
008 - POLE O STAŁEJ DŁUGOŚCI - DANE KONTROLNE
podpole kontrolne o stałej długości s pl f |000 0 pol
245 10 - TYTUŁ/ODPOWIEDZIALNOŚĆ
Tytuł Problemy współczesnego edytorstwa w szkole wyższej :
Ciąg dalszy tytułu materiały konferencyjne, Bytom, 18 czerwca 2004 /
Pozostałe elementy strefy tytułu i oznaczenia odpowiedzialności Wyższa Szkoła Ekonomii i Administracji w Bytomiu, Górnośląska Wyższa Szkoła Pedagogiczna im. Kardynała Augusta Hlonda w Mysłowicach.
260 ## - STREFA ADRESU WYDAWNICZEGO
Miejsce wydania Bytom :
Nazwa wydawcy/dystrybutora WSEiA,
Data publikacji, dystrybucji/powstania dokumentu 2005.
300 ## - STREFA OPISU FIZYCZNEGO
Objętość 82 s. :
Inne cechy fizyczne rys., wykr. ;
Rozmiary 24 cm.
504 ## - UWAGA DOTYCZĄCA BIBLIOGRAFII
Informacje o bibliografii Bibliogr. przy ref.
650 #9 - HASŁO PRZEDMIOTOWE W FORMIE NAZWY OGÓLNEJ LUB JEDNOSTKOWEJ
Nazwa ogólna lub geograficzna Edytorstwo
650 #9 - HASŁO PRZEDMIOTOWE W FORMIE NAZWY OGÓLNEJ LUB JEDNOSTKOWEJ
Nazwa ogólna lub geograficzna Wydawnictwa naukowe
Określnik ogólny zagadnienia
655 ## - TERMIN INDEKSOWY - OKREŚLENIE RODZAJU/FORMY DOKUMENTU
Określenie rodzaju/formy dokumentu Materiały konferencyjne
710 #0 - HASŁO DODATKOWE - NAZWA CIAŁA ZBIOROWEGO
Nazwa ciała zbiorowego lub jednostki geograficznej Wyższa Szkoła Ekonomii i Administracji w Bytomiu
710 #0 - HASŁO DODATKOWE - NAZWA CIAŁA ZBIOROWEGO
Nazwa ciała zbiorowego lub jednostki geograficznej Górnośląska Wyższa Szkoła Pedagogiczna (Mysłowice)
856 ## - LOKALIZACJA I DOSTĘP DO ELEKTRONICZNYCH DOKUMENTÓW ZDALNYCH
Link (URL) http://koha.tu.koszalin.pl/cgi-bin/koha/opac-detail.pl?biblionumber=51255
Tekst linku Katalog online BPK
942 ## - DODATKOWE ELEMENTY (KOHA)
Typ dokumentu Książka
Egzemplarze
Wycofany Status egzemplarza Uszkodzony Dostępność Lokalizacja stała Lokalizacja bieżąca Miejsce przechowywania Sygnatura Kod kreskowy Dział Typ dokumentu
      Tylko na miejscu Biblioteka Politechniki Koszalińskiej Biblioteka Politechniki Koszalińskiej Czytelnia BG 77867 02309132 378 Szkolnictwo wyższe Książka
© 2023 Biblioteka Politechniki Koszalińskiej :: KOHA